Statistics for Wealthiest Chinese Cities

Click here to take the quiz!

General Stats

  • This quiz has been taken 29 times
  • The average score is 22 of 50

Answer Stats

RankGDP Per CapitaCity% Correct
4¥184,000 ($27,600)Beijing
100%
8¥173,600 ($26,040)Shanghai
100%
14¥150,400 ($22,560)Guangzhou
96%
41¥113,700 ($17,055)Tianjin
92%
24¥135,300 ($20,295)Wuhan
92%
7¥173,900 ($26,085)Shenzhen
88%
6¥174,500 ($26,175)Nanjing
85%
26¥133,200 ($19,980)Xiamen
81%
21¥137,800 ($20,670)Qingdao
77%
16¥149,900 ($22,485)Hangzhou
73%
23¥135,300 ($20,295)Fuzhou
65%
5¥177,500 ($26,625)Suzhou
65%
49¥105,000 ($15,750)Dalian
62%
27¥129,600 ($19,440)Changsha
58%
12¥153,900 ($23,085)Ningbo
58%
3¥187,400 ($28,110)Wuxi
58%
36¥121,200 ($18,180)Hefei
54%
32¥126,500 ($18,975)Foshan
50%
34¥122,500 ($18,375)Jinan
50%
31¥127,700 ($19,155)Quanzhou
50%
20¥142,600 ($21,390)Nantong
46%
33¥123,000 ($18,450)Yantai
46%
9¥166,000 ($24,900)Changzhou
42%
25¥133,300 ($19,995)Taizhou
42%
18¥146,300 ($21,945)Yangzhou
42%
47¥106,800 ($16,020)Tangshan
35%
19¥146,200 ($21,930)Zhoushan
35%
10¥157,400 ($23,610)Zhuhai
35%
17¥148,200 ($22,230)Zhenjiang
31%
35¥121,300 ($18,195)Baotou
27%
40¥116,300 ($17,445)Jiaxing
27%
30¥127,900 ($19,185)Shaoxing
27%
11¥156,900 ($23,535)Dongying
23%
2¥218,100 ($32,715)Erdos
23%
46¥107,500 ($16,125)Huzhou
23%
1¥218,700 ($32,805)Karamay
23%
42¥113,000 ($16,950)Ma'anshan
23%
38¥118,800 ($17,820)Weihai
23%
15¥149,900 ($22,485)Yulin
23%
39¥117,200 ($17,580)Wuhu
19%
28¥128,900 ($19,335)Yichang
19%
45¥107,700 ($16,155)Ezhou
15%
43¥112,900 ($16,935)Longyan
15%
37¥118,900 ($17,835)Sanming
15%
29¥128,800 ($19,320)Wuhai
15%
22*¥137,000 ($20,550)Alashan
12%
48*¥105,200 ($15,780)Changji
12%
13*¥152,500 ($22,875)Haixi
12%
50¥104,500 ($15,675)Yuxi
12%
44¥108,000 ($16,200)Hami
8%

Score Distribution

Percentile by Number Answered

Percent of People with Each Score

Your Score History

You have not taken this quiz